[Event "Klatovy op-A 29th"]
[Site "Klatovy"]
[Date "2023.07.04"]
[Round "4"]
[White "Simak, Roman"]
[Black "Novak, Vaclav2222"]
[Result "1/2-1/2"]
[WhiteElo "1838"]
[BlackElo "1948"]
[PlyCount "85"]
[EventDate "2023.07.01"]
[EventType "swiss"]
[EventRounds "9"]
[EventCountry "CZE"]
[SourceTitle "CBM 215 Extra"]
[Source "ChessBase"]
[SourceDate "2023.09.30"]
[SourceVersion "1"]
[SourceVersionDate "2023.09.30"]
[SourceQuality "1"]

1. d4 d5 2. c4 e6 3. Nc3 Nf6 4. Nf3 Nbd7 5. Bf4 c6 6. e3 Be7 7. h3 Nf8 8. c5 Ng6 9. Bh2 0-0 10. Bd3 Re8 11. Qc2 Nd7 12. e4 dxe4 13. Nxe4 Nf6 14. 0-0 Nd5 15. Qd2 b6 16. Rad1 b5 17. Rfe1 a5 18. Bd6 Ba6 19. Nh2 b4 20. Bxa6 Rxa6 21. f4 Ra7 22. Nf3 Bxd6 23. Nxd6 Rf8 24. g3 Nge7 25. Qd3 h6 26. Ne5 a4 27. Rf1 f6 28. Nec4 Nc8 29. Rde1 Re7 30. f5 exf5 31. Nxf5 Rxe1 32. Rxe1 Qd7 33. Qe4 a3 34. bxa3 bxa3 35. Qg4 Kh7 36. Re7 Qxe7 37. Nxe7 Ncxe7 38. Nxa3 f5 39. Qf3 Rf6 40. Nc4 f4 41. g4 Ng6 42. Qe4 f3 43. Ne5 1/2-1/2

[Event "Mid Bohemia Region-chT 2223"]
[Site "Czech Republic"]
[Date "2023.03.19"]
[Round "10.6"]
[White "Kastner, Jan"]
[Black "Simak, Roman"]
[Result "0-1"]
[WhiteElo "1954"]
[BlackElo "1827"]
[PlyCount "58"]
[EventDate "2022.10.09"]
[EventType "team-tourn"]
[EventRounds "11"]
[EventCountry "CZE"]
[SourceTitle "EXT 2024"]
[Source "ChessBase"]
[SourceDate "2023.10.10"]
[SourceVersion "1"]
[SourceVersionDate "2023.10.10"]
[SourceQuality "1"]
[WhiteTeam "Nymburk Sokol"]
[BlackTeam "Vlasim II"]
[WhiteTeamCountry "CZE"]
[BlackTeamCountry "CZE"]

1. d4 f5 2. Nf3 Nf6 3. e3 e6 4. a3 d5 5. c4 c6 6. Nbd2 Bd6 7. Qc2 a5 8. b3 0-0 9. Bb2 Ne4 10. g3 Nd7 11. c5 Bc7 12. b4 Qf6 13. Nb3 g5 14. Nfd2 a4 15. Nc1 e5 16. Nd3 Nxd2 17. Qxd2 e4 18. Nc1 f4 19. gxf4 gxf4 20. Ne2 Qh4 21. exf4 Nf6 22. Rg1+ Kh8 23. h3 Nh5 24. 0-0-0 Nxf4 25. Kb1 Qxf2 26. Nxf4 Qxg1 27. Bg2 Bxf4 28. Rxg1 Bxd2 29. Bxe4 Bf5 0-1

[Event "Mid Bohemia Region-chT 2223"]
[Site "Czech Republic"]
[Date "2023.02.26"]
[Round "9.6"]
[White "Simak, Roman"]
[Black "Havlik, Frantisek"]
[Result "0-1"]
[WhiteElo "1827"]
[BlackElo "1954"]
[PlyCount "68"]
[EventDate "2022.10.09"]
[EventType "team-tourn"]
[EventRounds "11"]
[EventCountry "CZE"]
[SourceTitle "EXT 2024"]
[Source "ChessBase"]
[SourceDate "2023.10.10"]
[SourceVersion "1"]
[SourceVersionDate "2023.10.10"]
[SourceQuality "1"]
[WhiteTeam "Vlasim II"]
[BlackTeam "Ricany III"]
[WhiteTeamCountry "CZE"]
[BlackTeamCountry "CZE"]

1. f4 e5 2. e3 e4 3. d3 f5 4. dxe4 Nf6 5. e5 Ne4 6. Nf3 d5 7. exd6 Bxd6 8. Bd3 Qe7 9. 0-0 Nd7 10. Nbd2 Ndf6 11. Nc4 Bc5 12. Nce5 Be6 13. Nd4 0-0-0 14. c3 g6 15. Qa4 Bd5 16. c4 Bf7 17. Ndc6 Qe6 18. Nxd8 Rxd8 19. b4 Bd6 20. Nxf7 Qxf7 21. Bxe4 Nxe4 22. c5 Qf6 23. Rb1 Nc3 24. Bb2 Ne2+ 25. Kf2 Qh4+ 26. Kxe2 Qg4+ 27. Ke1 Bxf4 28. Rxf4 Qxg2 29. Qb5 Qg1+ 30. Rf1 Qxh2 31. Qe2 Qh4+ 32. Rf2 Qxb4+ 33. Kf1 Qe4 34. Rd1 Qh1# 0-1

[Event "Mid Bohemia Region-chT 2223"]
[Site "Czech Republic"]
[Date "2022.12.11"]
[Round "5.7"]
[White "Simak, Roman"]
[Black "Silhanek, Martin"]
[Result "1/2-1/2"]
[WhiteElo "1827"]
[BlackElo "1709"]
[PlyCount "80"]
[EventDate "2022.10.09"]
[EventType "team-tourn"]
[EventRounds "11"]
[EventCountry "CZE"]
[SourceTitle "EXT 2024"]
[Source "ChessBase"]
[SourceDate "2023.10.10"]
[SourceVersion "1"]
[SourceVersionDate "2023.10.10"]
[SourceQuality "1"]
[WhiteTeam "Vlasim II"]
[BlackTeam "Zdice"]
[WhiteTeamCountry "CZE"]
[BlackTeamCountry "CZE"]

1. f4 d5 2. Nf3 Bg4 3. e3 e6 4. Be2 Nf6 5. b3 c5 6. Ne5 Bxe2 7. Qxe2 Nc6 8. Nxc6 bxc6 9. Bb2 Be7 10. d3 0-0 11. Nd2 a5 12. a4 Rb8 13. 0-0 Nd7 14. e4 Bf6 15. e5 Be7 16. Rae1 Bh4 17. g3 Be7 18. f5 c4 19. dxc4 Bc5+ 20. Kg2 Nb6 21. Bc3 dxc4 22. Nxc4 Qd5+ 23. Rf3 Nxc4 24. bxc4 Qd7 25. Rd3 Qc7 26. f6 g6 27. Red1 Rfd8 28. Qd2 Rxd3 29. Qxd3 h5 30. h3 Rc8 31. g4 h4 32. Qe2 Rd8 33. Rxd8+ Qxd8 34. Qd3 Qc7 35. Bd4 Bxd4 36. Qxd4 Qb8 37. Qd7 Qxe5 38. Qe8+ Kh7 39. Qxf7+ Kh6 40. Qe7 Qe2+ 1/2-1/2

[Event "Mid Bohemia Region-chT 2223"]
[Site "Czech Republic"]
[Date "2022.10.30"]
[Round "2.6"]
[White "Simak, Roman"]
[Black "Jancalek, Petr"]
[Result "1/2-1/2"]
[WhiteElo "1827"]
[BlackElo "1831"]
[PlyCount "29"]
[EventDate "2022.10.09"]
[EventType "team-tourn"]
[EventRounds "11"]
[EventCountry "CZE"]
[SourceTitle "EXT 2024"]
[Source "ChessBase"]
[SourceDate "2023.10.10"]
[SourceVersion "1"]
[SourceVersionDate "2023.10.10"]
[SourceQuality "1"]
[WhiteTeam "Vlasim II"]
[BlackTeam "Odolena Voda Aero"]
[WhiteTeamCountry "CZE"]
[BlackTeamCountry "CZE"]

1. d4 Nf6 2. f4 g6 3. Nf3 Bg7 4. e3 0-0 5. Bd3 c5 6. c3 b6 7. e4 Bb7 8. Qe2 cxd4 9. cxd4 Nc6 10. a3 Ne8 11. Be3 e6 12. e5 Na5 13. Nbd2 Nc7 14. b4 Nc6 15. Rc1 1/2-1/2

[Event "Ricany op-A"]
[Site "Ricany"]
[Date "2018.08.25"]
[Round "1"]
[White "Simak, Roman"]
[Black "Hollan, Petr"]
[Result "0-1"]
[WhiteElo "1819"]
[BlackElo "2179"]
[PlyCount "66"]
[EventDate "2018.08.25"]
[EventType "swiss"]
[EventRounds "9"]
[EventCountry "CZE"]
[SourceTitle "EXT 2019"]
[Source "ChessBase"]
[SourceDate "2018.10.10"]
[SourceVersion "1"]
[SourceVersionDate "2018.10.10"]
[SourceQuality "1"]

1. d4 Nf6 2. f4 c5 3. e3 d6 4. Nf3 g6 5. c3 Qc7 6. Be2 Bg7 7. 0-0 0-0 8. Qe1 Nc6 9. Nbd2 e5 10. fxe5 dxe5 11. dxc5 a5 12. Nc4 Bg4 13. Qg3 Qe7 14. h3 Bxf3 15. Bxf3 e4 16. Be2 Qxc5 17. Qd6 Qg5 18. Qf4 Qb5 19. a4 Qa6 20. Qg5 h6 21. Qb5 Qa7 22. Bd2 Rad8 23. Rad1 Rd5 24. Qb3 Qb8 25. Be1 Rxd1 26. Bxd1 Nd7 27. Nd2 Nc5 28. Qd5 Qe5 29. Qxe5 Bxe5 30. Nc4 Nd3 31. Nxe5 Ncxe5 32. Bg3 Nc4 33. Rf6 Kg7 0-1

[Event "Ricany op-A"]
[Site "Ricany"]
[Date "2017.09.01"]
[Round "8"]
[White "Simak, Roman"]
[Black "Pokorny, Jan1111"]
[Result "1-0"]
[WhiteElo "1702"]
[BlackElo "1889"]
[PlyCount "81"]
[EventDate "2017.08.26"]
[EventType "swiss"]
[EventRounds "9"]
[EventCountry "CZE"]
[SourceTitle "CBM 180 Extra"]
[Source "ChessBase"]
[SourceDate "2017.10.06"]
[SourceVersion "1"]
[SourceVersionDate "2017.10.06"]
[SourceQuality "1"]

1. d4 Nf6 2. c4 g6 3. Nc3 Bg7 4. e4 d6 5. Nf3 0-0 6. Be2 Nbd7 7. 0-0 e5 8. dxe5 Nxe5 9. Nxe5 dxe5 10. Qxd8 Rxd8 11. Be3 c6 12. Rfd1 Rxd1+ 13. Rxd1 Be6 14. f3 h5 15. b3 Kh7 16. Kf2 Bh6 17. Na4 b6 18. Nb2 Bf8 19. Nd3 Nd7 20. f4 f6 21. fxe5 Nxe5 22. Nxe5 fxe5 23. Bf3 b5 24. cxb5 cxb5 25. Rc1 a5 26. Rc7+ Kg8 27. Rb7 b4 28. Ra7 Rxa7 29. Bxa7 a4 30. Bd1 axb3 31. Bxb3 Bxb3 32. axb3 Bd6 33. Ke3 Kf7 34. Kd3 Kf6 35. Be3 g5 36. Kc4 g4 37. Bd2 Bb8 38. Bxb4 Kg5 39. Kd5 h4 40. Bd2+ Kh5 41. h3 1-0

[Event "Ricany op-A"]
[Site "Ricany"]
[Date "2017.08.30"]
[Round "6"]
[White "Simak, Roman"]
[Black "Grecny, Karol"]
[Result "1-0"]
[WhiteElo "1702"]
[BlackElo "1926"]
[PlyCount "57"]
[EventDate "2017.08.26"]
[EventType "swiss"]
[EventRounds "9"]
[EventCountry "CZE"]
[SourceTitle "CBM 180 Extra"]
[Source "ChessBase"]
[SourceDate "2017.10.06"]
[SourceVersion "1"]
[SourceVersionDate "2017.10.06"]
[SourceQuality "1"]

1. d4 e6 2. Nf3 d5 3. e3 c5 4. dxc5 Bxc5 5. b3 Nf6 6. Bb2 Nc6 7. Nbd2 Bd7 8. Be2 0-0 9. 0-0 Qe7 10. c4 Rad8 11. Qc2 Nb4 12. Qc3 dxc4 13. Bxc4 Nc6 14. a3 a5 15. Ne4 Ne8 16. Bxe6 Bb4 17. axb4 axb4 18. Qc2 Bxe6 19. Nc5 Bc8 20. Rad1 Nf6 21. Nd4 Ne5 22. Nd3 Bg4 23. f3 Bc8 24. Nxe5 Qxe5 25. e4 Qh5 26. Ne2 Qh6 27. Rxd8 Rxd8 28. Bc1 g5 29. Qc5 1-0

[Event "Ricany op"]
[Site "Ricany"]
[Date "2016.09.03"]
[Round "9"]
[White "Simak, Roman"]
[Black "Konvalinka, Vladislav"]
[Result "1/2-1/2"]
[WhiteElo "1650"]
[BlackElo "1696"]
[PlyCount "28"]
[EventDate "2016.08.27"]
[EventType "swiss"]
[EventRounds "9"]
[EventCountry "CZE"]
[SourceTitle "CBM 174 Extra"]
[Source "ChessBase"]
[SourceDate "2016.10.10"]
[SourceVersion "1"]
[SourceVersionDate "2016.10.10"]
[SourceQuality "1"]

1. d4 d5 2. c4 c6 3. cxd5 cxd5 4. Nc3 Nc6 5. Nf3 Bf5 6. Bf4 Nf6 7. e3 a6 8. Rc1 Rc8 9. Bd3 Bxd3 10. Qxd3 e6 11. 0-0 Bd6 12. Bxd6 Qxd6 13. a3 Rg8 14. Ne2 Na5 1/2-1/2

[Event "Ricany op"]
[Site "Ricany"]
[Date "2016.09.01"]
[Round "7"]
[White "Simak, Roman"]
[Black "Pribyl, Jaroslav"]
[Result "0-1"]
[WhiteElo "1650"]
[BlackElo "1960"]
[PlyCount "68"]
[EventDate "2016.08.27"]
[EventType "swiss"]
[EventRounds "9"]
[EventCountry "CZE"]
[SourceTitle "CBM 174 Extra"]
[Source "ChessBase"]
[SourceDate "2016.10.10"]
[SourceVersion "1"]
[SourceVersionDate "2016.10.10"]
[SourceQuality "1"]

1. d4 c5 2. Nf3 cxd4 3. Nxd4 g6 4. e4 Bg7 5. c3 Nc6 6. Nxc6 bxc6 7. Be3 Nf6 8. Nd2 0-0 9. Be2 d6 10. 0-0 Nd7 11. Qc2 a5 12. h3 Ba6 13. Bxa6 Rxa6 14. b3 Qa8 15. Rad1 c5 16. a4 Rb8 17. Rb1 Rab6 18. Nc4 R6b7 19. Na3 Rc8 20. Rbd1 Rbb8 21. Nc4 Rf8 22. f3 f5 23. Bg5 Rbe8 24. Rfe1 h6 25. Bd2 fxe4 26. fxe4 Kh7 27. Qd3 Ne5 28. Nxe5 Bxe5 29. Rf1 Rxf1+ 30. Rxf1 Rf8 31. Rf3 Rxf3 32. gxf3 Qf8 33. Kf2 Qf7 34. c4 Bd4+ 0-1

[Event "Liberec op 16th"]
[Site "Liberec"]
[Date "2016.02.15"]
[Round "4"]
[White "Simak, Roman"]
[Black "Nemcova, Karin"]
[Result "1/2-1/2"]
[WhiteElo "1598"]
[BlackElo "1853"]
[PlyCount "61"]
[EventDate "2016.02.13"]
[EventType "swiss"]
[EventRounds "9"]
[EventCountry "CZE"]
[SourceTitle "CBM 170 Extra"]
[Source "ChessBase"]
[SourceDate "2016.02.25"]
[SourceVersion "1"]
[SourceVersionDate "2016.02.25"]
[SourceQuality "1"]

1. d4 d5 2. e3 Nf6 3. Bd3 e6 4. f4 c5 5. c3 Nc6 6. Nf3 Bd6 7. Nbd2 cxd4 8. cxd4 Bd7 9. 0-0 Nb4 10. Nb3 Nxd3 11. Qxd3 0-0 12. Ne5 Ne4 13. Nd2 Nxd2 14. Bxd2 f5 15. Nxd7 Qxd7 16. Rac1 Rac8 17. Rxc8 Rxc8 18. b3 a6 19. Rc1 Rxc1+ 20. Bxc1 Qc6 21. Bd2 b5 22. Qc3 Qxc3 23. Bxc3 Kf7 24. Kf2 Ke7 25. Ke2 Kd7 26. Kd3 g5 27. g3 gxf4 28. gxf4 Ke7 29. Ke2 Kf6 30. Kf3 Kg6 31. b4 1/2-1/2

[Event "Mlada Boleslav Region-ch U20"]
[Site "Mlada Boleslav"]
[Date "2014.06.21"]
[Round "3"]
[White "Vlkova, Anezka"]
[Black "Simak, Roman"]
[Result "1/2-1/2"]
[WhiteElo "1515"]
[BlackElo "1308"]
[PlyCount "60"]
[EventDate "2014.06.21"]
[EventType "swiss"]
[EventRounds "7"]
[EventCountry "CZE"]
[SourceTitle "EXT 2016"]
[Source "ChessBase"]
[SourceDate "2015.10.08"]
[SourceVersion "1"]
[SourceVersionDate "2015.10.08"]
[SourceQuality "1"]

1. e4 e5 2. Nf3 Nc6 3. Bc4 Bc5 4. 0-0 Nf6 5. d3 0-0 6. c3 d6 7. Be3 Bb6 8. Nbd2 Be6 9. Bb3 h6 10. d4 Bxb3 11. Qxb3 exd4 12. cxd4 Re8 13. Qd3 Qe7 14. d5 Ne5 15. Nxe5 Qxe5 16. f4 Bxe3+ 17. Qxe3 Qe7 18. Rad1 Nxd5 19. Qb3 Nb6 20. Rf3 Qe6 21. Qc3 f6 22. Rg3 c6 23. Rg6 Qf7 24. f5 Nd7 25. Qg3 Kh7 26. Qxd6 Qe7 27. Qf4 Ne5 28. Rg3 Qc5+ 29. Kh1 Rad8 30. Nf3 Nd3 1/2-1/2